Countries Most Similar To New Zealand - Statistics

General Stats
  • This quiz has been taken 194 times
  • The average score is 14 of 21
Answer Stats
Rank Country Score % Correct
1 Australia 81.9
96%
2 United Kingdom 74.7
96%
6 United States 68.9
92%
4 Canada 72.2
91%
3 Ireland 73.0
88%
11 Germany 66.5
80%
17 France 64.2
78%
5 Norway 69.5
77%
8 Sweden 68.0
77%
10 Netherlands 66.9
73%
13 Spain 65.1
69%
9 Denmark 67.1
68%
13 Belgium 65.1
66%
16 Switzerland 64.8
66%
7 Iceland 68.8
59%
12 Austria 65.6
57%
15 Luxembourg 64.9
48%
18 Slovenia 63.5
27%
20 Estonia 62.7
20%
20 Latvia 62.7
20%
19 Uruguay 62.9
17%
No matching quizzes found
Score Distribution
Percent of People with Each Score
Percentile by Number Answered
Your Score History
You have not taken this quiz